[Event "GER-ch op (Women)"]
[Site "Rodewisch"]
[Date "2000.07.30"]
[Round "2"]
[White "Lomineishvili, Maia"]
[Black "Winter, Astrid"]
[Result "1-0"]
[WhiteElo "2375"]
[BlackElo "2150"]
[PlyCount "73"]
[EventDate "2000.07.29"]
[EventType "swiss"]
[EventRounds "9"]
[EventCountry "GER"]
[SourceTitle "CBM 077 Extra"]
[Source "ChessBase"]
[SourceDate "2000.09.14"]
[SourceVersion "1"]
[SourceVersionDate "2000.09.14"]
[SourceQuality "1"]

1. d4 Nf6 2. c4 g6 3. Nc3 Bg7 4. e4 d6 5. f3 0-0 6. Nge2 e5 7. Bg5 Nc6 8. d5 Ne7 9. Qd2 Ne8 10. h4 f6 11. Bh6 Rf7 12. g4 c6 13. 0-0-0 Bd7 14. Ng3 Qa5 15. Kb1 a6 16. Bxg7 Rxg7 17. g5 f5 18. f4 cxd5 19. cxd5 fxe4 20. fxe5 dxe5 21. Ngxe4 Bf5 22. Bh3 Nxd5 23. Qxd5+ Qxd5 24. Rxd5 Re7 25. h5 b5 26. Bxf5 gxf5 27. Nf6+ Kg7 28. Rc5 Rd8 29. Ncd5 Rf7 30. h6+ Kg6 31. Nxe8 Rxe8 32. Rc6+ Kxg5 33. Rg1+ Kh4 34. Rc2 Kh3 35. Rcg2 f4 36. Rg7 Rf5 37. Rh1# 1-0